Legislación y aplicación de políticas forestales en Michoacán: 1915-1958. El proyecto conservacionista del Gral. Lázaro Cárdenas

Guardat en:
Dades bibliogràfiques
Autor principal: Pérez Talavera, Víctor Manuel (Autor)
Format: Llibre
Idioma:espanyol
Publicat: Morelia Gobierno del Estado de Michoacán de Ocampo 2019
Guanajuato Universidad de Guanajuato 2019
Edició:1a. ed
Matèries:
Etiquetes: Afegir etiqueta
Sense etiquetes, Sigues el primer a etiquetar aquest registre!

MARC

LEADER 00000cam a2200000 a 4500
001 UCC8208
003 CL-VaPUC
008 190607e20190000mx |||||||||||||||||spa|d
020 |a 9786079461492 
082 0 4 |a 577.3  |b PER  |2 21 
100 0 |a Pérez Talavera, Víctor Manuel  |e author  |9 602869 
245 1 0 |a Legislación y aplicación de políticas forestales en Michoacán: 1915-1958. El proyecto conservacionista del Gral. Lázaro Cárdenas 
250 |a 1a. ed 
300 |a 228 p 
942 |c BK 
945 |d 20190607 12:44:00  |a dcastane 
260 |a Morelia  |b Gobierno del Estado de Michoacán de Ocampo  |c 2019 
260 |a Guanajuato  |b Universidad de Guanajuato  |c 2019 
650 7 |a BOSQUES NATIVOS  |2 CL-VaPUC  |9 373720 
650 7 |a EXPLOTACION AGRICOLA  |2 CL-VaPUC  |9 602870 
650 0 |a Ecología forestal  |9 262744 
651 7 |a MICHOACAN  |2 CL-VaPUC  |9 433281 
583 |a last modification  |c 20190607 12:44:00  |k Rodrigo Vera 
999 |c 374581  |d 374579 
952 |0 0  |1 0  |3 erb  |4 0  |6 577_300000000000000_PER_2019_2019  |7 0  |8 A  |9 493193  |a BIBHIS  |b BIBHIS  |i 5590914  |o 577.3 PER 2019 2019  |p 5590914  |r 2025-01-20  |w 2019-11-24  |y BK  |z Catalogado en:20190607  |k HIS